MARC

LEADER 00000nas a2200000 a 4500
001 ssj0018386
003 WaSeSS
005 20200512172242.0
006 m d
007 cr n
008 050616c19569999inuqr pss 0 0eng c
010 |a  2008221046 
022 |y 0013-7081 
035 |a (WaSeSS)ssj0018386 
040 |a OCLCS  |b eng  |c OCLCS  |d MUQ  |d ATL  |d OCLCQ  |d OCLCA  |d OCLCF  |d OCLCE  |d OCLCO  |d OCLCQ  |d VT2  |d WaSeSS 
042 |a pcc 
050 4 |a BR1  |b .S5 
082 0 4 |a 205 
130 0 |a Encounter (Indianapolis, Ind. : Online) 
245 1 0 |a Encounter  |h [electronic resource]. 
260 |a Indianapolis, Ind. :  |b School of Religion, Butler University. 
310 |a Quarterly 
362 1 |a Print began with vol. 17, no. 1 (winter 1956). 
506 |a License restrictions may limit access. 
550 |a Published by the Christian Theological Seminary, summer 1958- 
588 |a Description based on: Vol. 17, no. 2 (spring 1956); title from cover (ATLASerials, viewed Apr. 16, 2008). 
588 |a Latest issue consulted: Vol. 68, no. 2 (spring 2007) (ATLASerials, viewed Apr. 16, 2008). 
610 2 0 |a Disciples of Christ  |v Periodicals. 
610 2 6 |a Disciples of Christ  |v Périodiques. 
610 2 7 |a Disciples of Christ.  |2 fast  |0 (OCoLC)fst00549610 
650 0 |a Theology  |v Periodicals. 
650 6 |a Théologie  |v Périodiques. 
650 7 |a Theology.  |2 fast  |0 (OCoLC)fst01149559 
655 0 |a Electronic journals. 
710 2 |a Butler University.  |b School of Religion. 
710 2 |a Christian Theological Seminary (Indianapolis, Ind.) 
776 0 8 |i Print version:  |t Encounter (Indianapolis, Ind.)  |x 0013-7081  |w (DLC)sn 84001319  |w (OCoLC)1567853 
856 4 0 |z Full text available from Research Library: 01/01/2002 to 10/31/2012  |u https://search.proquest.com/publication/41872